000 01064nam a22003970a 4500
001 PT52232
003 AR-LpoUNG
005 20210131231501.0
008 191001s2010||||ag |||||||||||||||||spa d
020 _a9789500731539
_c$37
040 _aAR-LpoUNG
_bspa
_cAR-LpoUNG
_eaacr
041 _aspa
044 _aag
082 0 _a982.063 77not
100 1 _aEsquivada, Gabriela
245 1 0 _aNoticias de los montoneros :
_bla historia del diario que no pudo anunciar la revolución
250 _a2ª ed.
260 _aBuenos Aires :
_bSudamericana,
_cenero 2010.
300 _a381 p. :
_bfot.
650 4 _aARGENTINA
650 4 _aCRISIS POLITICA
650 4 _aDICTADURA
650 4 _aGUERRILLEROS
650 4 _aHISTORIA
650 4 _aHISTORIA POLITICA
650 4 _aIDEOLOGIAS POLITICAS
650 4 _aMEDIOS DE COMUNICACION
650 4 _aPERIODISMO
650 4 _aPERIODISTAS
650 4 _aPRENSA
650 4 _aREVOLUCION
651 4 _aDOCUMENTOS TEORICOS O METODOLOGICOS
653 _aPERONISMO
905 _a52232
942 _cLSALA
999 _c10319
_d10319